00680cam a2200205 a 450000100100000000500170001000800410002704000230006808200180009110000530010924500470016226000310020930000210024065000280026165000300028991000070031904900090032695201220033599900170045700002512820200930023558.0870406nuuuuuuuu 000 p spa d aDO-SdBNPcDLCdDLC aU861.3bZ88ta1 aZorrilla de San Martín, Juan,d1855-19319384510aTabaré /cJuan Zorrilla de San Martín. a[s.l.] :b[s.n.],c[19??]. a192 p. ;c19 cm. 4aPoesía uruguaya93846 4aLiteratura uruguaya93054 aWM aBNGR 001054708MOaGRbGRcHDd2011-02-10iLF1l0oU861.3 Z88tap25128-10r2020-06-25w2020-06-25y4ZPréstamo en sala c24621d24621